00808nam a2200217Ii 45000010005000000030009000050080041000140400033000550410008000880820017000961000036001132450073001492640064002223000012002863360026002983370028003243380027003529400050003799990017004299520144004469160CO-ViMGA241108s9999||||xx |||||||||||||| ||und|| aCO-ViMGAbspaerdacCO-ViMGA0 aunk04a338.887-B4231 aJesús Antonio Bejarano94851010a capital Monopolista y la inversión Norteamericano en Colombia 1a[Lugar de publicación no identificado] : La carreta, 1978 avolumen atextbtxt2rdacontent aunmediatedbn2rdamedia avolumebnc2rdacarrier aidficha_siabuc: 8957. -- ficha_no_siabuc:9160 c52797d52797 001040708001aMEVIGERRbMEVIGERRcGENd2006-11-27hVol.1o338.887-B423pECA9616r2024-11-26 10:09:29tEj.1w2024-11-26yBKz8957 | 12445